000 00784nam a2200289Ia 4500
005 20260324151037.0
008 008 260324s9999 xx 000 0 eng d
020 _a9781003261476
037 _aEBOOK
040 _aCRL
040 _beng
040 _cCRL
041 _2eng
041 _aeng
084 _qCRL
100 _aCharles F. Mitchell; Stephen J. Scaysbrook
_91228524
245 0 _aBuilding Construction and Drawing 1906
245 2 _bA Textbook on the Principles and Details of Modern Construction First Stage (Or Elementary Course)
260 _bTaylor and Francis
260 _c1906
365 _a
365 _b275
856 _uhttp://www.taylorfrancis.com/books/9781003261476
942 _cEBOOK
999 _c1838981
_d1838981